000 00566nam a2200193 a 4500
005 20260322212012.0
008 data
010 _a70-113975
096 _aWS 350 G644h 1970
100 1 _aGoos, Dorothy.
245 1 0 _aHelp me! A way to guide troubled youth
_cDorothy Goos & Al-Saadi, LuEtta C..
260 _aKaukauna, Wis.
_bThomas Publications
_c 1970
300 _axviii, 383 p. ;
_c 24 cm.
500 _aBibliography: p. 375.
650 0 2 _aAffective Symptoms
650 0 2 _aResidential Treatment
710 2 _aAl-Saadi, LuEtta C.,
_d1933- joint author.
001 data
999 _c244
_d244